000 00975nam a22002537a 4500
003 BD-DhSAU
005 20190113091330.0
008 161006b2015 bg ||||| |||| 00| 0 eng d
040 _aBD-DhSAU
082 _222
_a581.2
_bH338
100 _aHarun-Or- Rashid, Md.
_4Regi. no. 09-03373
245 _aVirus free plantlet production of Potato (Solanum tuberosum L.) through meristem culture /
_c Md. Harun-Or- Rashid
_bMs Thesis
260 _aDhaka : Sher e Bangla Agricultural University :
_bDepartment of Plant Pathology ,
_c2015
300 _ax , 47 p. :
_bill. ;
_c29 cm.
504 _aIncludes bibliographical references.
590 _aKamim
650 _aPlant Pathology.
650 _aVirus free plantlet production of Potato
650 _ameristem culture
700 _aHossain, Md. Belal
_4Supervisor
700 _aBegum, Fatema
_4Co-supervisor
856 _uhttp://archive.saulibrary.edu.bd:8080/xmlui/handle/123456789/32
_yOnline access
942 _2ddc
_cTHESIS
999 _c13872
_d13871